[Event "April 9 Late 2024"]
[Site "Chess.com"]
[Date "2024.04.09"]
[Round "3"]
[White "Dmitrenko, Viktor"]
[Black "Dubnevych, Maksym"]
[Result "0-1"]
[Board "79"]
[WhiteFideId "14110270"]
[BlackFideId "14184001"]
[WhiteTitle "IM"]
[BlackTitle "FM"]
[WhiteElo "2461"]
[BlackElo "2666"]
[WhiteTeam "UKR"]
[BlackTeam "UKR"]
[WhiteClock "0:00:00"]
[BlackClock "0:01:59"]
[Variant "Standard"]

1. b3 {[%clk 0:03:00]}  e5 {[%clk 0:02:59]} 2. Bb2 {[%clk 0:03:00]}  Nc6 {[%clk 0:02:59]} 3. e3 {[%clk 0:03:00]}  d5 {[%clk 0:02:59]} 4. Bb5 {[%clk 0:02:59]}  Bd6 {[%clk 0:03:00]} 5. Nf3 {[%clk 0:02:48]}  Qe7 {[%clk 0:03:00]} 6. d4 {[%clk 0:02:42]}  Bg4 {[%clk 0:02:51]} 7. dxe5 {[%clk 0:02:35]}  Bxe5 {[%clk 0:02:50]} 8. Bxe5 {[%clk 0:01:46]}  Bxf3 {[%clk 0:02:49]} 9. Qd4 {[%clk 0:01:18]}  f6 {[%clk 0:02:43]} 10. Bxf6 {[%clk 0:01:11]}  Nxf6 {[%clk 0:02:42]} 11. gxf3 {[%clk 0:01:08]}  O-O {[%clk 0:02:42]} 12. Bxc6 {[%clk 0:01:04]}  bxc6 {[%clk 0:02:43]} 13. Nd2 {[%clk 0:01:02]}  c5 {[%clk 0:02:43]} 14. Qc3 {[%clk 0:00:46]}  d4 {[%clk 0:02:40]} 15. Qc4+ {[%clk 0:00:44]}  Kh8 {[%clk 0:02:40]} 16. e4 {[%clk 0:00:33]}  Nd7 {[%clk 0:02:40]} 17. O-O-O {[%clk 0:00:30]}  Nb6 {[%clk 0:02:41]} 18. Qe2 {[%clk 0:00:25]}  a5 {[%clk 0:02:41]} 19. a4 {[%clk 0:00:18]}  Nd7 {[%clk 0:02:27]} 20. Nc4 {[%clk 0:00:18]}  Rab8 {[%clk 0:02:24]} 21. Rhg1 {[%clk 0:00:17]}  Rb4 {[%clk 0:02:22]} 22. Rg3 {[%clk 0:00:14]}  Ne5 {[%clk 0:02:14]} 23. Nxe5 {[%clk 0:00:13]}  Qxe5 {[%clk 0:02:15]} 24. Rdg1 {[%clk 0:00:13]}  g6 {[%clk 0:02:16]} 25. Rg5 {[%clk 0:00:12]}  Qe7 {[%clk 0:02:09]} 26. Qd3 {[%clk 0:00:11]}  Rd8 {[%clk 0:02:07]} 27. h4 {[%clk 0:00:10]}  c4 {[%clk 0:02:06]} 28. Qd2 {[%clk 0:00:09]}  cxb3 {[%clk 0:02:04]} 29. h5 {[%clk 0:00:08]}  Rxa4 {[%clk 0:02:00]} 30. hxg6 {[%clk 0:00:00]}  Ra1+ {[%clk 0:01:59]} 0-1

[Event "April 9 Late 2024"]
[Site "Chess.com"]
[Date "2024.04.09"]
[Round "3"]
[White "Garcia Guerrero, Isaac Antonio"]
[Black "Breuil, Tristan"]
[Result "0-1"]
[Board "82"]
[WhiteFideId "5110475"]
[BlackFideId "45163685"]
[WhiteTitle "FM"]
[BlackTitle "FM"]
[WhiteElo "2661"]
[BlackElo "2451"]
[WhiteTeam "MEX"]
[BlackTeam "FRA"]
[WhiteClock "0:00:00"]
[BlackClock "0:01:24"]
[Variant "Standard"]

1. Nf3 {[%clk 0:03:00]}  Nf6 {[%clk 0:02:57]} 2. g3 {[%clk 0:03:00]}  d5 {[%clk 0:02:56]} 3. Bg2 {[%clk 0:02:59]}  Bg4 {[%clk 0:02:57]} 4. O-O {[%clk 0:02:59]}  c6 {[%clk 0:02:56]} 5. d4 {[%clk 0:02:59]}  g6 {[%clk 0:02:56]} 6. c4 {[%clk 0:02:59]}  Bg7 {[%clk 0:02:56]} 7. Qb3 {[%clk 0:02:54]}  Qb6 {[%clk 0:02:46]} 8. Nc3 {[%clk 0:02:50]}  O-O {[%clk 0:02:45]} 9. cxd5 {[%clk 0:02:41]}  cxd5 {[%clk 0:02:36]} 10. Nxd5 {[%clk 0:02:32]}  Nxd5 {[%clk 0:02:35]} 11. Qxd5 {[%clk 0:02:33]}  Nc6 {[%clk 0:02:23]} 12. e3 {[%clk 0:02:29]}  Nb4 {[%clk 0:02:20]} 13. Qe4 {[%clk 0:02:11]}  Bf5 {[%clk 0:02:09]} 14. Qxe7 {[%clk 0:01:14]}  Nc2 {[%clk 0:01:59]} 15. Rb1 {[%clk 0:01:14]}  Nxd4 {[%clk 0:01:35]} 16. Ra1 {[%clk 0:00:21]}  Nc2 {[%clk 0:01:33]} 17. Rb1 {[%clk 0:00:00]}  Bf6 {[%clk 0:01:24]} 0-1

[Event "April 9 Late 2024"]
[Site "Chess.com"]
[Date "2024.04.09"]
[Round "3"]
[White "Skatchkov, Valery"]
[Black "Denis Denisenko"]
[Result "1-0"]
[Board "83"]
[WhiteFideId "24195812"]
[BlackFideId "4170652"]
[WhiteTitle "FM"]
[WhiteElo "2658"]
[BlackElo "2450"]
[WhiteTeam "RUS"]
[WhiteClock "0:01:10"]
[BlackClock "0:00:04"]
[Variant "Standard"]

1. d4 {[%clk 0:03:00]}  d5 {[%clk 0:02:59]} 2. c4 {[%clk 0:02:59]}  c6 {[%clk 0:02:59]} 3. Nf3 {[%clk 0:02:57]}  Nf6 {[%clk 0:02:59]} 4. g3 {[%clk 0:02:56]}  Bf5 {[%clk 0:02:58]} 5. Bg2 {[%clk 0:02:54]}  e6 {[%clk 0:02:58]} 6. O-O {[%clk 0:02:54]}  h6 {[%clk 0:02:57]} 7. Nc3 {[%clk 0:02:53]}  Be7 {[%clk 0:02:57]} 8. Qb3 {[%clk 0:02:53]}  Qb6 {[%clk 0:02:57]} 9. c5 {[%clk 0:02:54]}  Qxb3 {[%clk 0:02:55]} 10. axb3 {[%clk 0:02:54]}  Na6 {[%clk 0:02:40]} 11. Ra4 {[%clk 0:02:47]}  Ne4 {[%clk 0:02:29]} 12. b4 {[%clk 0:02:46]}  Nc7 {[%clk 0:02:11]} 13. Bf4 {[%clk 0:02:42]}  Nxc3 {[%clk 0:02:10]} 14. bxc3 {[%clk 0:02:43]}  Nb5 {[%clk 0:02:10]} 15. Rc1 {[%clk 0:02:41]}  O-O {[%clk 0:02:05]} 16. Nd2 {[%clk 0:02:39]}  a6 {[%clk 0:02:00]} 17. f3 {[%clk 0:02:37]}  Rad8 {[%clk 0:01:52]} 18. e4 {[%clk 0:02:36]}  Bg6 {[%clk 0:01:51]} 19. Bf1 {[%clk 0:02:26]}  Bf6 {[%clk 0:01:43]} 20. Kg2 {[%clk 0:02:17]}  Rfe8 {[%clk 0:01:42]} 21. e5 {[%clk 0:02:14]}  Be7 {[%clk 0:01:35]} 22. h4 {[%clk 0:02:12]}  f6 {[%clk 0:01:28]} 23. Bxb5 {[%clk 0:02:08]}  cxb5 {[%clk 0:01:28]} 24. Raa1 {[%clk 0:02:08]}  Rc8 {[%clk 0:01:27]} 25. exf6 {[%clk 0:02:05]}  Bxf6 {[%clk 0:01:23]} 26. Re1 {[%clk 0:02:05]}  Bf7 {[%clk 0:01:08]} 27. Re3 {[%clk 0:02:03]}  g5 {[%clk 0:01:07]} 28. hxg5 {[%clk 0:02:03]}  hxg5 {[%clk 0:01:04]} 29. Be5 {[%clk 0:02:03]}  Kg7 {[%clk 0:01:00]} 30. Rh1 {[%clk 0:01:47]}  Rh8 {[%clk 0:00:59]} 31. Rxh8 {[%clk 0:01:46]}  Rxh8 {[%clk 0:00:59]} 32. Nb3 {[%clk 0:01:47]}  Be8 {[%clk 0:00:38]} 33. Re1 {[%clk 0:01:40]}  Bc6 {[%clk 0:00:32]} 34. Nc1 {[%clk 0:01:38]}  Bxe5 {[%clk 0:00:29]} 35. Rxe5 {[%clk 0:01:37]}  Kf6 {[%clk 0:00:29]} 36. Nd3 {[%clk 0:01:38]}  Be8 {[%clk 0:00:25]} 37. Re1 {[%clk 0:01:37]}  g4 {[%clk 0:00:19]} 38. Rf1 {[%clk 0:01:16]}  gxf3+ {[%clk 0:00:18]} 39. Rxf3+ {[%clk 0:01:17]}  Ke7 {[%clk 0:00:17]} 40. Ne5 {[%clk 0:01:18]}  Bh5 {[%clk 0:00:16]} 41. g4 {[%clk 0:01:18]}  Rg8 {[%clk 0:00:15]} 42. Kg3 {[%clk 0:01:16]}  Bg6 {[%clk 0:00:15]} 43. Rf2 {[%clk 0:01:15]}  Rg7 {[%clk 0:00:15]} 44. Rh2 {[%clk 0:01:16]}  Bf5 {[%clk 0:00:14]} 45. Rh8 {[%clk 0:01:16]}  Be4 {[%clk 0:00:12]} 46. Rb8 {[%clk 0:01:12]}  Kf6 {[%clk 0:00:12]} 47. Kf4 {[%clk 0:01:12]}  Bc2 {[%clk 0:00:11]} 48. g5+ {[%clk 0:01:11]}  Ke7 {[%clk 0:00:11]} 49. Rxb7+ {[%clk 0:01:11]}  Kf8 {[%clk 0:00:04]} 50. c6 {[%clk 0:01:10]} 1-0

[Event "April 9 Late 2024"]
[Site "Chess.com"]
[Date "2024.04.09"]
[Round "3"]
[White "Shevchuk, Olexandr"]
[Black "Castaneda, Jhon David"]
[Result "0-1"]
[Board "84"]
[WhiteFideId "14113775"]
[BlackFideId "4405048"]
[BlackTitle "FM"]
[WhiteElo "2451"]
[BlackElo "2651"]
[WhiteTeam "UKR"]
[BlackTeam "COL"]
[WhiteClock "0:00:00"]
[BlackClock "0:00:25"]
[Variant "Standard"]

1. d4 {[%clk 0:03:00]}  Nf6 {[%clk 0:02:59]} 2. c4 {[%clk 0:03:00]}  e6 {[%clk 0:03:00]} 3. g3 {[%clk 0:03:00]}  d5 {[%clk 0:02:59]} 4. Bg2 {[%clk 0:03:00]}  Be7 {[%clk 0:02:59]} 5. Nf3 {[%clk 0:03:00]}  Ne4 {[%clk 0:03:00]} 6. O-O {[%clk 0:02:59]}  f5 {[%clk 0:02:59]} 7. Nc3 {[%clk 0:02:58]}  c6 {[%clk 0:02:58]} 8. Rb1 {[%clk 0:02:51]}  a5 {[%clk 0:02:55]} 9. Qc2 {[%clk 0:02:51]}  O-O {[%clk 0:02:55]} 10. a3 {[%clk 0:02:51]}  Na6 {[%clk 0:02:53]} 11. Bf4 {[%clk 0:02:49]}  Bd7 {[%clk 0:02:49]} 12. Rfd1 {[%clk 0:02:48]}  Be8 {[%clk 0:02:48]} 13. h4 {[%clk 0:02:44]}  h6 {[%clk 0:02:48]} 14. Qc1 {[%clk 0:02:21]}  Bh5 {[%clk 0:02:38]} 15. Kf1 {[%clk 0:02:03]}  Kh7 {[%clk 0:02:20]} 16. Be3 {[%clk 0:02:00]}  Bd6 {[%clk 0:01:54]} 17. c5 {[%clk 0:01:50]}  Be7 {[%clk 0:01:50]} 18. b4 {[%clk 0:01:50]}  axb4 {[%clk 0:01:50]} 19. axb4 {[%clk 0:01:51]}  Nc7 {[%clk 0:01:49]} 20. Bf4 {[%clk 0:01:49]}  Nxc3 {[%clk 0:01:46]} 21. Bxc7 {[%clk 0:01:43]}  Qxc7 {[%clk 0:01:32]} 22. Qxc3 {[%clk 0:01:43]}  f4 {[%clk 0:01:26]} 23. gxf4 {[%clk 0:01:27]}  Qxf4 {[%clk 0:01:19]} 24. b5 {[%clk 0:01:07]}  Bxh4 {[%clk 0:01:03]} 25. bxc6 {[%clk 0:00:56]}  bxc6 {[%clk 0:01:03]} 26. Rb6 {[%clk 0:00:46]}  Be8 {[%clk 0:00:56]} 27. Kg1 {[%clk 0:00:20]}  Bd8 {[%clk 0:00:50]} 28. Rb7 {[%clk 0:00:19]}  Bf6 {[%clk 0:00:49]} 29. Qd3+ {[%clk 0:00:12]}  Bg6 {[%clk 0:00:49]} 30. Qd2 {[%clk 0:00:11]}  Qg4 {[%clk 0:00:45]} 31. Rc7 {[%clk 0:00:10]}  Rac8 {[%clk 0:00:38]} 32. Qa5 {[%clk 0:00:08]}  Be4 {[%clk 0:00:32]} 33. Kf1 {[%clk 0:00:05]}  e5 {[%clk 0:00:29]} 34. Rxc8 {[%clk 0:00:02]}  Rxc8 {[%clk 0:00:28]} 35. Qa6 {[%clk 0:00:00]}  exd4 {[%clk 0:00:25]} 0-1

[Event "April 9 Late 2024"]
[Site "Chess.com"]
[Date "2024.04.09"]
[Round "3"]
[White "Zeneli, Klendi"]
[Black "Mendes Aaron Reeve"]
[Result "0-1"]
[Board "88"]
[WhiteFideId "4706609"]
[BlackFideId "25954938"]
[WhiteTitle "CM"]
[BlackTitle "FM"]
[WhiteElo "2443"]
[BlackElo "2642"]
[WhiteTeam "ALB"]
[BlackTeam "CAN"]
[WhiteClock "0:00:16"]
[BlackClock "0:00:52"]
[Variant "Standard"]

1. e4 {[%clk 0:02:59]}  g6 {[%clk 0:02:58]} 2. d4 {[%clk 0:02:57]}  b6 {[%clk 0:02:58]} 3. c4 {[%clk 0:02:54]}  Bb7 {[%clk 0:02:58]} 4. Nc3 {[%clk 0:02:54]}  Bg7 {[%clk 0:02:58]} 5. Nf3 {[%clk 0:02:54]}  c5 {[%clk 0:02:58]} 6. Be3 {[%clk 0:02:51]}  d6 {[%clk 0:02:57]} 7. Be2 {[%clk 0:02:47]}  Nd7 {[%clk 0:02:57]} 8. O-O {[%clk 0:02:47]}  Ngf6 {[%clk 0:02:57]} 9. Qc2 {[%clk 0:02:45]}  cxd4 {[%clk 0:02:55]} 10. Nxd4 {[%clk 0:02:44]}  O-O {[%clk 0:02:53]} 11. f3 {[%clk 0:02:44]}  Rc8 {[%clk 0:02:51]} 12. Rfd1 {[%clk 0:02:42]}  a6 {[%clk 0:02:50]} 13. Rac1 {[%clk 0:02:41]}  Ne5 {[%clk 0:02:49]} 14. b3 {[%clk 0:02:38]}  e6 {[%clk 0:02:44]} 15. Qd2 {[%clk 0:02:37]}  Qe7 {[%clk 0:02:40]} 16. Nc2 {[%clk 0:02:33]}  d5 {[%clk 0:02:16]} 17. exd5 {[%clk 0:02:19]}  exd5 {[%clk 0:02:15]} 18. Nxd5 {[%clk 0:02:13]}  Nxd5 {[%clk 0:02:13]} 19. cxd5 {[%clk 0:02:13]}  b5 {[%clk 0:02:08]} 20. d6 {[%clk 0:02:11]}  Qe6 {[%clk 0:02:05]} 21. Bf4 {[%clk 0:01:51]}  Rfd8 {[%clk 0:02:01]} 22. Qb4 {[%clk 0:01:43]}  Qf5 {[%clk 0:01:48]} 23. Ne3 {[%clk 0:01:36]}  Qe6 {[%clk 0:01:40]} 24. Rxc8 {[%clk 0:01:32]}  Rxc8 {[%clk 0:01:40]} 25. Qa5 {[%clk 0:01:31]}  Nc6 {[%clk 0:01:35]} 26. Qb6 {[%clk 0:01:30]}  Nd8 {[%clk 0:01:27]} 27. d7 {[%clk 0:01:24]}  Qxb6 {[%clk 0:01:25]} 28. dxc8=Q {[%clk 0:01:16]}  Bxc8 {[%clk 0:01:26]} 29. Kf1 {[%clk 0:01:12]}  Ne6 {[%clk 0:01:25]} 30. Nd5 {[%clk 0:01:12]}  Qd8 {[%clk 0:01:17]} 31. Bd6 {[%clk 0:01:10]}  Nd4 {[%clk 0:01:11]} 32. Ne7+ {[%clk 0:01:02]}  Kh8 {[%clk 0:01:11]} 33. Bc5 {[%clk 0:01:00]}  Qe8 {[%clk 0:00:58]} 34. Kf2 {[%clk 0:00:30]}  Nxe2 {[%clk 0:00:57]} 35. Kxe2 {[%clk 0:00:21]}  Bf8 {[%clk 0:00:56]} 36. Kf1 {[%clk 0:00:18]}  Bxe7 {[%clk 0:00:53]} 37. Re1 {[%clk 0:00:16]}  Be6 {[%clk 0:00:52]} 0-1

[Event "April 9 Late 2024"]
[Site "Chess.com"]
[Date "2024.04.10"]
[Round "3"]
[White "Mahip Singh"]
[Black "Ghevondyan, Arman"]
[Result "0-1"]
[Board "89"]
[WhiteFideId "25015044"]
[BlackFideId "13312073"]
[BlackTitle "CM"]
[WhiteElo "2443"]
[BlackElo "2639"]
[WhiteTeam "CAN"]
[BlackTeam "ARM"]
[WhiteClock "0:00:17"]
[BlackClock "0:01:12"]
[Variant "Standard"]

1. d4 {[%clk 0:03:00]}  Nf6 {[%clk 0:03:00]} 2. Nf3 {[%clk 0:03:00]}  g6 {[%clk 0:03:00]} 3. Bg5 {[%clk 0:03:00]}  Bg7 {[%clk 0:03:00]} 4. Nbd2 {[%clk 0:03:00]}  d5 {[%clk 0:03:00]} 5. e3 {[%clk 0:03:00]}  O-O {[%clk 0:03:00]} 6. Bd3 {[%clk 0:03:00]}  c5 {[%clk 0:03:00]} 7. c3 {[%clk 0:03:00]}  Nc6 {[%clk 0:03:00]} 8. h3 {[%clk 0:02:59]}  b6 {[%clk 0:03:00]} 9. O-O {[%clk 0:02:59]}  Bb7 {[%clk 0:03:00]} 10. Re1 {[%clk 0:02:58]}  Nd7 {[%clk 0:03:01]} 11. e4 {[%clk 0:02:47]}  dxe4 {[%clk 0:03:01]} 12. Bxe4 {[%clk 0:02:40]}  cxd4 {[%clk 0:03:01]} 13. Nxd4 {[%clk 0:02:39]}  Nde5 {[%clk 0:02:51]} 14. f4 {[%clk 0:02:17]}  Nxd4 {[%clk 0:02:39]} 15. Bxb7 {[%clk 0:02:16]}  Rb8 {[%clk 0:02:32]} 16. fxe5 {[%clk 0:02:06]}  Ne6 {[%clk 0:02:32]} 17. Bxe7 {[%clk 0:01:35]}  Qxe7 {[%clk 0:02:33]} 18. Bf3 {[%clk 0:01:35]}  Qc5+ {[%clk 0:02:31]} 19. Kh1 {[%clk 0:01:34]}  Bxe5 {[%clk 0:02:29]} 20. Nb3 {[%clk 0:01:31]}  Qc7 {[%clk 0:02:29]} 21. Nd4 {[%clk 0:01:23]}  Nxd4 {[%clk 0:02:19]} 22. cxd4 {[%clk 0:01:24]}  Bg7 {[%clk 0:02:19]} 23. Rc1 {[%clk 0:01:22]}  Qd6 {[%clk 0:02:16]} 24. Rc6 {[%clk 0:01:09]}  Qxd4 {[%clk 0:02:14]} 25. Qxd4 {[%clk 0:01:09]}  Bxd4 {[%clk 0:02:15]} 26. Re7 {[%clk 0:01:10]}  a5 {[%clk 0:02:09]} 27. Bd5 {[%clk 0:01:06]}  Rbd8 {[%clk 0:01:56]} 28. Bb3 {[%clk 0:01:01]}  Bc5 {[%clk 0:01:55]} 29. Rb7 {[%clk 0:00:54]}  Rd2 {[%clk 0:01:51]} 30. Rf6 {[%clk 0:00:46]}  Kg7 {[%clk 0:01:41]} 31. Rf3 {[%clk 0:00:37]}  Rxb2 {[%clk 0:01:34]} 32. Bxf7 {[%clk 0:00:29]}  Rb1+ {[%clk 0:01:25]} 33. Kh2 {[%clk 0:00:29]}  Bd6+ {[%clk 0:01:25]} 34. g3 {[%clk 0:00:30]}  Rb2+ {[%clk 0:01:24]} 35. Kh1 {[%clk 0:00:30]}  Kh6 {[%clk 0:01:20]} 36. h4 {[%clk 0:00:24]}  Rc8 {[%clk 0:01:13]} 37. Rf1 {[%clk 0:00:18]}  Rcc2 {[%clk 0:01:12]} 38. Bd5 {[%clk 0:00:18]}  Rh2+ {[%clk 0:01:12]} 39. Kg1 {[%clk 0:00:17]}  Bc5+ {[%clk 0:01:12]} 0-1

[Event "April 9 Late 2024"]
[Site "Chess.com"]
[Date "2024.04.09"]
[Round "3"]
[White "Korchynskyi, Mykola"]
[Black "Tymrakiewicz, Rafal"]
[Result "1-0"]
[Board "91"]
[WhiteFideId "34138005"]
[BlackFideId "1108832"]
[WhiteTitle "FM"]
[BlackTitle "FM"]
[WhiteElo "2637"]
[BlackElo "2440"]
[WhiteTeam "UKR"]
[BlackTeam "POL"]
[WhiteClock "0:00:10"]
[BlackClock "0:00:00"]
[Variant "Standard"]

1. d4 {[%clk 0:03:00]}  e6 {[%clk 0:02:55]} 2. c4 {[%clk 0:03:00]}  f5 {[%clk 0:02:54]} 3. Nc3 {[%clk 0:03:00]}  Nf6 {[%clk 0:02:55]} 4. Nf3 {[%clk 0:02:59]}  Bb4 {[%clk 0:02:54]} 5. Qc2 {[%clk 0:02:54]}  O-O {[%clk 0:02:52]} 6. Bd2 {[%clk 0:02:53]}  b6 {[%clk 0:02:52]} 7. e3 {[%clk 0:02:53]}  Bb7 {[%clk 0:02:52]} 8. Bd3 {[%clk 0:02:53]}  d6 {[%clk 0:02:50]} 9. h4 {[%clk 0:02:43]}  Nbd7 {[%clk 0:02:49]} 10. h5 {[%clk 0:02:42]}  Bxc3 {[%clk 0:02:46]} 11. Bxc3 {[%clk 0:02:41]}  Ne4 {[%clk 0:02:46]} 12. O-O-O {[%clk 0:02:40]}  Ndf6 {[%clk 0:02:38]} 13. Rdf1 {[%clk 0:02:33]}  b5 {[%clk 0:02:35]} 14. Nd2 {[%clk 0:02:30]}  Nxc3 {[%clk 0:02:22]} 15. Qxc3 {[%clk 0:02:24]}  Bxg2 {[%clk 0:02:23]} 16. h6 {[%clk 0:02:24]}  g6 {[%clk 0:02:19]} 17. cxb5 {[%clk 0:02:24]}  Nd5 {[%clk 0:01:57]} 18. Qb3 {[%clk 0:02:16]}  Rb8 {[%clk 0:01:53]} 19. Rhg1 {[%clk 0:02:15]}  Bxf1 {[%clk 0:01:53]} 20. Bxf1 {[%clk 0:02:15]}  Qh4 {[%clk 0:01:48]} 21. Rg2 {[%clk 0:01:54]}  Qxh6 {[%clk 0:01:36]} 22. Kc2 {[%clk 0:01:38]}  Rf7 {[%clk 0:01:33]} 23. Bc4 {[%clk 0:01:37]}  c6 {[%clk 0:01:30]} 24. Qa3 {[%clk 0:01:31]}  cxb5 {[%clk 0:01:21]} 25. Bxd5 {[%clk 0:01:31]}  exd5 {[%clk 0:01:17]} 26. Qxd6 {[%clk 0:01:30]}  Rc8+ {[%clk 0:01:12]} 27. Kd3 {[%clk 0:01:29]}  Qf8 {[%clk 0:00:59]} 28. Qxd5 {[%clk 0:01:07]}  Qb4 {[%clk 0:00:56]} 29. Qe6 {[%clk 0:01:01]}  Rf8 {[%clk 0:00:41]} 30. Nf3 {[%clk 0:00:38]}  Qe7 {[%clk 0:00:32]} 31. Qb3 {[%clk 0:00:34]}  Qe4+ {[%clk 0:00:31]} 32. Ke2 {[%clk 0:00:33]}  f4 {[%clk 0:00:24]} 33. Rg4 {[%clk 0:00:30]}  h5 {[%clk 0:00:20]} 34. Rxf4 {[%clk 0:00:25]}  Qc6 {[%clk 0:00:13]} 35. Rxf7 {[%clk 0:00:22]}  Rxf7 {[%clk 0:00:12]} 36. Ne5 {[%clk 0:00:19]}  Qf6 {[%clk 0:00:10]} 37. Nxf7 {[%clk 0:00:10]}  Qxf7 {[%clk 0:00:11]} 38. Qxf7+ {[%clk 0:00:10]}  Kxf7 {[%clk 0:00:12]} 39. Kf3 {[%clk 0:00:11]}  g5 {[%clk 0:00:10]} 40. Kg3 {[%clk 0:00:11]}  Ke6 {[%clk 0:00:10]} 41. f3 {[%clk 0:00:11]}  Kd5 {[%clk 0:00:10]} 42. b3 {[%clk 0:00:11]}  b4 {[%clk 0:00:09]} 43. Kh3 {[%clk 0:00:11]}  h4 {[%clk 0:00:07]} 44. Kg4 {[%clk 0:00:10]}  a6 {[%clk 0:00:07]} 45. Kh3 {[%clk 0:00:09]}  Ke6 {[%clk 0:00:07]} 46. e4 {[%clk 0:00:09]}  Kf6 {[%clk 0:00:07]} 47. Kg4 {[%clk 0:00:09]}  Ke6 {[%clk 0:00:08]} 48. f4 {[%clk 0:00:09]}  gxf4 {[%clk 0:00:00]} 49. Kxh4 {[%clk 0:00:10]} 1-0

[Event "April 9 Late 2024"]
[Site "Chess.com"]
[Date "2024.04.09"]
[Round "3"]
[White "Wu, Derek"]
[Black "Seder, Mohammed"]
[Result "1-0"]
[Board "92"]
[WhiteFideId "30914558"]
[BlackFideId "11505567"]
[WhiteTitle "FM"]
[BlackTitle "FM"]
[WhiteElo "2635"]
[BlackElo "2438"]
[WhiteTeam "USA"]
[BlackTeam "PLE"]
[WhiteClock "0:00:18"]
[BlackClock "0:00:05"]
[Variant "Standard"]

1. d4 {[%clk 0:03:00]}  d5 {[%clk 0:03:00]} 2. c4 {[%clk 0:03:00]}  c6 {[%clk 0:03:00]} 3. Nf3 {[%clk 0:02:59]}  Nf6 {[%clk 0:03:01]} 4. Nc3 {[%clk 0:02:59]}  e6 {[%clk 0:03:02]} 5. cxd5 {[%clk 0:02:58]}  exd5 {[%clk 0:03:02]} 6. Qc2 {[%clk 0:02:58]}  h6 {[%clk 0:03:00]} 7. Bf4 {[%clk 0:02:55]}  Bd6 {[%clk 0:03:00]} 8. Be5 {[%clk 0:02:54]}  O-O {[%clk 0:02:56]} 9. e3 {[%clk 0:02:53]}  Re8 {[%clk 0:02:50]} 10. Be2 {[%clk 0:02:45]}  Bxe5 {[%clk 0:02:49]} 11. Nxe5 {[%clk 0:02:43]}  Nbd7 {[%clk 0:02:49]} 12. f4 {[%clk 0:02:42]}  Nxe5 {[%clk 0:02:44]} 13. fxe5 {[%clk 0:02:43]}  Ng4 {[%clk 0:02:44]} 14. Bxg4 {[%clk 0:02:40]}  Bxg4 {[%clk 0:02:45]} 15. O-O {[%clk 0:02:40]}  Qg5 {[%clk 0:02:40]} 16. Rf4 {[%clk 0:02:37]}  Bh5 {[%clk 0:02:25]} 17. Raf1 {[%clk 0:02:32]}  Bg6 {[%clk 0:02:25]} 18. Qf2 {[%clk 0:02:27]}  Rad8 {[%clk 0:02:10]} 19. h4 {[%clk 0:02:26]}  Qe7 {[%clk 0:02:10]} 20. Ne2 {[%clk 0:02:20]}  Rf8 {[%clk 0:02:00]} 21. Ng3 {[%clk 0:02:20]}  c5 {[%clk 0:01:48]} 22. h5 {[%clk 0:02:20]}  Bd3 {[%clk 0:01:48]} 23. Rd1 {[%clk 0:02:19]}  c4 {[%clk 0:01:47]} 24. Rg4 {[%clk 0:02:09]}  Qe6 {[%clk 0:01:31]} 25. Qf4 {[%clk 0:02:01]}  b5 {[%clk 0:01:26]} 26. e4 {[%clk 0:01:28]}  dxe4 {[%clk 0:01:09]} 27. Nf5 {[%clk 0:01:27]}  g5 {[%clk 0:00:39]} 28. hxg6 {[%clk 0:01:00]}  fxg6 {[%clk 0:00:40]} 29. Qxh6 {[%clk 0:00:49]}  Qxf5 {[%clk 0:00:27]} 30. Rxg6+ {[%clk 0:00:49]}  Kf7 {[%clk 0:00:23]} 31. Rf6+ {[%clk 0:00:45]}  Qxf6 {[%clk 0:00:19]} 32. Qxf6+ {[%clk 0:00:46]}  Kg8 {[%clk 0:00:19]} 33. Qg6+ {[%clk 0:00:46]}  Kh8 {[%clk 0:00:20]} 34. Re1 {[%clk 0:00:39]}  e3 {[%clk 0:00:20]} 35. Qh6+ {[%clk 0:00:36]}  Kg8 {[%clk 0:00:20]} 36. Qg5+ {[%clk 0:00:36]}  Kf7 {[%clk 0:00:15]} 37. Qf6+ {[%clk 0:00:35]}  Kg8 {[%clk 0:00:13]} 38. Qe6+ {[%clk 0:00:35]}  Kg7 {[%clk 0:00:13]} 39. Qe7+ {[%clk 0:00:30]}  Kg6 {[%clk 0:00:08]} 40. Rxe3 {[%clk 0:00:28]}  Rf1+ {[%clk 0:00:08]} 41. Kh2 {[%clk 0:00:29]}  Rh8+ {[%clk 0:00:08]} 42. Rh3 {[%clk 0:00:26]}  Rxh3+ {[%clk 0:00:07]} 43. gxh3 {[%clk 0:00:27]}  Be4 {[%clk 0:00:04]} 44. Qe6+ {[%clk 0:00:24]}  Kg5 {[%clk 0:00:04]} 45. Qg4+ {[%clk 0:00:25]}  Kh6 {[%clk 0:00:04]} 46. Qxe4 {[%clk 0:00:25]}  Rf2+ {[%clk 0:00:05]} 47. Kg3 {[%clk 0:00:25]}  Rxb2 {[%clk 0:00:06]} 48. e6 {[%clk 0:00:24]}  Re2 {[%clk 0:00:04]} 49. Qxe2 {[%clk 0:00:24]}  c3 {[%clk 0:00:04]} 50. e7 {[%clk 0:00:24]}  c2 {[%clk 0:00:05]} 51. e8=Q {[%clk 0:00:23]}  c1=Q {[%clk 0:00:06]} 52. Q2e6+ {[%clk 0:00:19]}  Kg5 {[%clk 0:00:05]} 53. h4# {[%clk 0:00:18]} 1-0